| 000 | 00481 a2200169 4500 | ||
|---|---|---|---|
| 003 | OSt | ||
| 005 | 20240106125924.0 | ||
| 008 | 231218b |||||||| |||| 00| 0 eng d | ||
| 020 | _a9789350005125 | ||
| 040 | _coclc | ||
| 082 |
_a891.433 _bSHA/K |
||
| 100 |
_aSharma, Nasira _910149 |
||
| 245 |
_aKALI CHHOTI MACHHLI / _cNasera Sharma |
||
| 260 |
_aNew Delhi: _bVani Prakashan, _c2014. |
||
| 300 | _a162p | ||
| 942 |
_2ddc _cBK _h891.433 _iSHA/K _k891.433 _mSHA/K |
||
| 999 |
_c43473 _d43473 |
||